| 000 | 00000nam##2200000za#4500 |
| 001 | 9.600974 |
| 003 | CaOODSP |
| 005 | 20220901164721 |
| 007 | cr ||||||||||| |
| 008 | 150406|1994||||xxc|||||o f|0| 0 fre|d |
| 040 | |aCaOODSP|bfre |
| 043 | |an-cn--- |
| 086 | 1 |aJ3-8/1994-6F-PDF |
| 110 | 1 |aCanada.|bJustice Canada. |bAucun équivalent français. |
| 245 | 13|aLa violence inspirée par la haine / |h[ressource électronique]|c[par] Glenn A. Gilmour. |
| 260 | |aOttawa - Ontario : |bJustice Canada. |cMai 1994. |
| 300 | |a103p. |
| 490 | 1 |aDocument de travail|vWD1994-6f |
| 504 | |aBibliographie. |
| 590 | |a11-08-Supp|b2011-06-16 |
| 720 | 1 |aGilmour, Glenn A. |
| 775 | 08|tHate-motivated violence / |w(CaOODSP)9.570226 |
| 830 | #0|aDocument de travail ;|vWD1994-6f|w(CaOODSP)9.502069 |
| 856 | 40|ahttp://publications.gc.ca|qPDF|s467 Ko|uhttps://publications.gc.ca/collections/collection_2011/jus/J3-8-1994-6-fra.pdf|yWD1994-6f |